|
|
|
|
| LEADER |
01006nam a2200253 4500 |
| 001 |
10113781 |
| 003 |
upatras |
| 005 |
20210117205126.0 |
| 008 |
140829s1992 us eng |
| 020 |
|
|
|a 0195046722
|
| 040 |
|
|
|a GR-PaULI
|e AACR2
|c GR-PaULI
|
| 041 |
0 |
|
|a eng
|
| 082 |
0 |
4 |
|a 511.3
|
| 100 |
1 |
|
|a Smullyan, Raymond M.
|4 aut
|9 9276
|
| 245 |
1 |
0 |
|a Godel's incompleteness theorems
|c Raymond M. Smullyan
|
| 260 |
|
|
|a New York
|b Oxford University Press
|c 1992
|
| 300 |
|
|
|a xiii, 139 σ.
|b εικ.
|c 23 εκ.
|
| 504 |
|
|
|a Περιέχει βιβλιογραφικές αναφορές και ευρετήριο
|
| 650 |
|
4 |
|a Θεώρημα του Godel
|9 135588
|
| 852 |
|
|
|a GR-PaULI
|b ΠΑΤΡΑ
|b ΒΚΠ
|b ΒΣ1
|k ΑΣΧΞ
|h 511.3 SMU
|m 122883
|p 025000239596
|t 1
|
| 942 |
|
|
|2 ddc
|c BK15
|
| 952 |
|
|
|0 0
|1 0
|4 0
|6 511_300000000000000_SMU
|7 0
|9 169487
|a LISP
|b LISP
|c BSC
|d 2016-04-24
|i 122883
|l 0
|o 511.3 SMU
|p 025000239596
|r 2016-04-24 00:00:00
|t 1
|w 2016-04-24
|y BK15
|
| 998 |
|
|
|c ΜΠΟΥΡΑΣ
|d 2014-08
|
| 999 |
|
|
|c 106025
|d 106025
|